00325nam a2200121Ia 4500008004100000245006400041260001700105260000900122300000800131650002300139650001200162856002900174170516s9999 xx 000 0 und d aBioabsorbable Stent Quo Vadis: A Case for Nano-Theranostics bTheranostics c2014 a4:5 xMedical Technology xMedtech uhttp://www.thno.org/v4i5